000 00395nam a2200133Ia 4500
005 20260328101519.0
008 260328s9999||||xx |||||||||||||| ||und||
100 _aKoch, Rudolf
245 0 _aEl Libro de los signos :
_b Una singular colección de 493 signos primitivos y del medievales /
_cRudolf Koch
260 _bDavid Consuegra
300 _a39 p.
650 _aDISEÑO GRÁFICO
942 _cBK
999 _c9499
_d9499